000
00207nam a22000977a 4500
999
_c
529915
_d
529915
040
_c
DLC
082
_a
297.122
_b
NAZ
100
_a
Ahmad, Chaudhry Nazeer
_9
22938
245
_a
Ahkam ul Quran
942
_2
ddc
_c
BK